Normal view
MARC view
Entry Topical Term
001 - CONTROL NUMBER
- control field: 9888
003 - CONTROL NUMBER IDENTIFIER
- control field: ARRUPE
005 - DATE AND TIME OF LATEST TRANSACTION
- control field: 20140410142037.0
008 - FIXED-LENGTH DATA ELEMENTS
- fixed length control field: 140410|| aca||aabn | a|a d
040 ## - CATALOGING SOURCE
- Original cataloging agency: ARRUPE
- Transcribing agency: ARRUPE
150 ## - HEADING--TOPICAL TERM
- Topical term or geographic name as entry element: Authors, English
- Chronological subdivision: 20th century
- General subdivision: Biography.
670 ## - SOURCE DATA FOUND
- Source citation: Work cat.: (ARRUPE)0: Najder, Zdzisław. 9885, Joseph Conrad, a chronicle /, c1983.